000 00971nam a22003257a 4500
001 BR2010005978
003 BR-BrBNA
005 20230928103604.0
007 ta
008 230509b bl.||||| |||| 00| 0 por d
040 _aBR-BrBNA
_bpor
_cBiblioteca Nacional de Agricultura
041 _a(Por)
072 _aH01; F01
_b3870
090 _ 3870 BR2010005978
110 1 _aCoordenadoria Ecumênica de Serviço, Salvador, BA (Brasil)
_92988
245 1 _aO uso de agrotóxicos na agricultura convencional e as tecnologias alternativas
260 3 _aSalvador, BA (Brasil):
_c1987.
300 _a102 p.
500 _a6 illus.; 19 tables
650 _aAGROTÓXICO
650 _aDISTRIBUIÇÃO GEOGRÁFICA
650 _aINDÚSTRIA AGRÍCOLA
650 _aCRÉDITO
650 _aPESQUISA
650 _aINTOXICAÇÃO VEGETAL
650 _aAGRICULTURA ALTERNATIVA
650 _aAGRICULTURA BIOLÓGICA
909 _a202309
_bLucia
_c55
_dLucia Elande
942 _cBK
999 _c75723
_d75723